| 000 | 01298nam a2200325 i 4500 | ||
|---|---|---|---|
| 001 | 187615 | ||
| 003 | ES-MaACL | ||
| 005 | 20250905154909.0 | ||
| 008 | 171211s2012 sp ah |||| |dspa d | ||
| 020 | _a978-1-938795-88-6 | ||
| 080 | _a910.4(282.281.3)"15" | ||
| 080 | _a929 Aguirre, Lope de | ||
| 080 | _a929 Ursúa, Pedro de | ||
| 100 | 1 |
_aArias de Almesto, Pedro. _9163900 |
|
| 245 | 1 | 0 |
_aRelación de la jornada de Omagua y El Dorado / _cPedrarias de Almesto ; estudio, edición y notas de Álvaro Baraibar. |
| 260 |
_aNew York : _bIDEA/IGAS, _c2012. |
||
| 300 |
_a154 p. : _bil. ; _c22 cm. |
||
| 490 | 1 |
_aBatihoja ; _v4 |
|
| 504 | _aBibliografía: p. 47-53. | ||
| 505 | 8 | _aIncluye reproducción de la copia del manuscrito de Pedrarias de Almesto conservada en la Biblioteca Nacional de París. | |
| 600 | 1 | 7 |
_aAguirre, Lope de, _dca. 1516-1561 _2 _9145052 |
| 600 | 1 | 4 |
_aUrsúa, Pedro de. _9145051 |
| 651 | 4 |
_aAmazonas (Río)- _xDescubrimientos y exploraciones. _9153620 |
|
| 700 | 1 |
_aBaraibar Etxeberria, Álvaro ( _d1970-) _9164015 |
|
| 830 | 1 |
_aBatihoja ; _v4 _9225585 |
|
| 852 | 4 |
_aES-MaACL _jA-14058 _9194701 _bR.151295 _cDEPO1 _dOlim: N-7058 _hDonación: Casa de Velázquez |
|
| 914 |
_92477 _aCasa de Velázquez _ednr |
||
| 942 |
_2udc _cMONOGRAFIA |
||
| 999 |
_c187615 _d187615 |
||